LEADER 00963nam a2200217 i 4500 001 000000004227 003 CaOOAMICUS 005 20240725112241.0 008 180830s1867 it u000 u ita u 040 $aSeMil$bita 100 1 $aMartini, Luigi <1803-1877>.$0(OLS)http://semarc/name/79247 245 13$aIl Confortatorio di Mantova negli anni 1851, 52, 53 e 55 /$cdi Luigi Martini. 260 $aMantova :$bTip. Benvenuti, rapp. da E. Francescola,$c1867. 300 $a2 v. ;$c18 cm. 650 4$aRisorgimento italiano - Lombardia.$0(OLS)http://semarc/subject/51975 650 4$aMartiri del Risorgimento - Mantova - 1851-1855.$0(OLS)http://semarc/subject/44578 774 0 $tVol. 1.$g1$w()129004 774 0 $tVol. 2.$g2$w()254687 996 $6245$aIl Confortatorio di Mantova negli anni 1851, 52, 53 e 55$9(OLS)http://semarc/title/400393 996 $6260$aMantova :$bTip. Benvenuti, rapp. da E. Francescola$9(OLS)http://semarc/publisher/55580 LEADER 01023nam a2200229 i 4500 001 000000241643 003 CaOOAMICUS 005 20150508000000.0 008 150508s1928 it u000 u ita u 013 $a220548 040 $aSeMil$bita 100 1 $aKorherr, Richard.$0(OLS)http://semarc/name/81799 245 10$aRegresso delle nascite :$bmorte dei popoli /$cRiccardo Korherr ; Prefazioni di Spengler e Mussolini. 260 $aRoma :$bLibreria del Littorio,$cstampa 1928. 300 $a179 p. ;$c20 cm. 650 4$aDemografia - Ed. ante 1945.$0(OLS)http://semarc/subject/41607 700 1 $aMussolini, Benito <1883-1945>.$0(OLS)http://semarc/name/1154 700 1 $aSpengler, Oswald,$d<1880-1936>.$0(OLS)http://semarc/name/39755 850 $aSeMil 852 $aSeMil$W1$xVenegono$y1$m3N III 288 ^$j191989$B191989$CSeMilBibl$Z2$F202777 $81 996 $6245$aRegresso delle nascite :$bmorte dei popoli$9(OLS)http://semarc/title/343403 996 $6260$aRoma :$bLibreria del Littorio$9(OLS)http://semarc/publisher/42322